Online
Catalog

Latinoamérica : (Record no. 26640)

MARC details
000 -CABECERA
campo de control de longitud fija 01488nam a2200313 a 4500
001 - NÚMERO DE CONTROL
campo de control 000027148
003 - IDENTIFICADOR DEL NÚMERO DE CONTROL
campo de control DO-SdBNP
005 - FECHA Y HORA DE LA ÚLTIMA TRANSACCIÓN
campo de control 20230123103628.0
007 - CAMPO FIJO DE DESCRIPCIÓN FÍSICA--INFORMACIÓN GENERAL
campo de control de longitud fija ta
008 - DATOS DE LONGITUD FIJA--INFORMACIÓN GENERAL
campo de control de longitud fija 110330s2009 dr ac 001 0dspa d
020 ## - NÚMERO INTERNACIONAL ESTÁNDAR DEL LIBRO
Número Internacional Estándar del Libro 9789945857054
040 ## - FUENTE DE LA CATALOGACIÓN
Centro catalogador/agencia de origen DO-SdBNP
Lengua de catalogación spa
Centro/agencia transcriptor BNPHU
082 ## - NÚMERO DE LA CLASIFICACIÓN DECIMAL DEWEY
Número de clasificación 780.980
Número de documento/Ítem C975L
Número de edición 22
100 1# - ENTRADA PRINCIPAL--NOMBRE DE PERSONA
Nombre de persona Curiel, Michael
9 (RLIN) 54206
245 10 - MENCIÓN DE TÍTULO
Título Latinoamérica :
Resto del título de música y músicos /
Mención de responsabilidad, etc. Michael Curiel.
260 ## - PUBLICACIÓN, DISTRIBUCIÓN, ETC.
Lugar de publicación, distribución, etc. Santo Domingo :
Nombre del editor, distribuidor, etc. Formación,
Fecha de publicación, distribución, etc. 2009.
300 ## - DESCRIPCIÓN FÍSICA
Extensión v. ;
Dimensiones 22 cm.
Otras características físicas il., retrs.
500 ## - NOTA GENERAL
Nota general La biblioteca posee el v. 1.
500 ## - NOTA GENERAL
Nota general Incluye datos biográficos del autor en la contraportada.
505 0# - NOTA DE CONTENIDO CON FORMATO
Información miscelánea Introducción --
-- Prólogo /
Mención de responsabilidad Víctor Manuel Matos (Milito) --
Título Como un bolero!...pero latinoamericano --
-- Cuando suena en el baile un merengón --
-- Una bachata o le corazón de una vellonera --
-- De forma plena explota la bomba --
-- Breve vistazo al Lat-in-jazz --
-- La Nova Samba Bossa --
Nota de contenido con formato De Rap, Ragga, Reggae, Raggamufin, Reggaetón y otr@s R´s --
Título Con más salsa que pesca´o --
Información miscelánea Bibliografía.
590 ## - NOTA LOCAL (RLIN)
Nota local Inventariado, 2018/LP
650 #4 - PUNTO DE ACCESO ADICIONAL DE MATERIA--TÉRMINO DE MATERIA
Término de materia o nombre geográfico como elemento de entrada Música bailable latinoamericana
Subdivisión general Historia
9 (RLIN) 54207
650 #4 - PUNTO DE ACCESO ADICIONAL DE MATERIA--TÉRMINO DE MATERIA
Término de materia o nombre geográfico como elemento de entrada Música popular latinoamericana
Subdivisión general Historia y crítica
Subdivisión geográfica América Latina
9 (RLIN) 54208
650 #4 - PUNTO DE ACCESO ADICIONAL DE MATERIA--TÉRMINO DE MATERIA
Término de materia o nombre geográfico como elemento de entrada Músicos latinoamericanos
9 (RLIN) 54209
650 #4 - PUNTO DE ACCESO ADICIONAL DE MATERIA--TÉRMINO DE MATERIA
Término de materia o nombre geográfico como elemento de entrada Merengue (música)
Subdivisión geográfica República Dominicana
9 (RLIN) 1324
650 #4 - PUNTO DE ACCESO ADICIONAL DE MATERIA--TÉRMINO DE MATERIA
Término de materia o nombre geográfico como elemento de entrada Bachata (música)
Subdivisión geográfica República Dominicana
9 (RLIN) 54210
910 ## - DATOS DE OPCIÓN DEL USUARIO (OCLC)
Datos de opción del usuario Validado. Control de calidad EMS
942 ## - ELEMENTOS DE PUNTO DE ACCESO ADICIONAL (KOHA)
Fuente del sistema de clasificación o colocación Dewey Decimal Classification
Tipo de ítem Koha Libro
Holdings
Estado de retiro Estado de pérdida Restricciones de uso No para préstamo Código de colección Localización permanente Ubicación/localización actual Ubicación en estantería Fecha de adquisición Número de inventario Total de préstamos Signatura topográfica completa Código de barras Fecha visto por última vez Precio válido a partir de Tipo de ítem Koha Fuente del sistema de clasificación o colocación Número de copia
    Préstamo en sala   Dominicana de Servicio Biblioteca Nacional Pedro Henríquez Ureña Biblioteca Nacional Pedro Henríquez Ureña En catalogación 23.01.2023     BNPHU DS 780.980 C975L 2023-0367 23.01.2023 23.01.2023 Libro Dewey Decimal Classification e.5
        Patrimonio Dominicano General General Depósito 12.10.2012 LF1   780.980 C975L | v. 1, e. 3 27148-30 25.06.2020 25.06.2020 Libro y Folleto Colección Patrimonio Dominicano    
        Patrimonio Dominicano General General Depósito 03.02.2014 LF1   780.980 C975L | v. 1, e. 4 27148-40 25.06.2020 25.06.2020 Libro y Folleto Colección Patrimonio Dominicano    
      Excluido de préstamo Patrimonio Dominicano Patrimonio Dominicano Patrimonio Dominicano Depósito 30.03.2011 LF1   780.980 C975L | v. 1 27148-10 25.06.2020 25.06.2020 Libro y Folleto Colección Patrimonio Dominicano    
      Excluido de préstamo Patrimonio Dominicano Patrimonio Dominicano Patrimonio Dominicano Depósito 12.10.2012 LF1   780.980 C975L | v. 1, e. 2 27148-20 25.06.2020 25.06.2020 Libro y Folleto Colección Patrimonio Dominicano    

Powered by Koha